ՀՀ Գիտությունների ազգային ակադեմիայի հիմնարար գիտական գրադարան  =   Fundamental Scientific Library of NAS RA

История земли : / (Record no. 31865)

MARC details
000 -LEADER
fixed length control field 01050nam a2200265 a 4500
001 - CONTROL NUMBER
control field 000099384
003 - CONTROL NUMBER IDENTIFIER
control field AM-YEHGA
005 - DATE AND TIME OF LATEST TRANSACTION
control field 20250617122159.0
008 - FIXED-LENGTH DATA ELEMENTS--GENERAL INFORMATION
fixed length control field 990426s1903 ru ||||||||||| rus d
040 ## - CATALOGING SOURCE
Original cataloging agency AM-YeHGA
041 1# - LANGUAGE CODE
Language code of text/sound track or separate title rus
090 ## - LOCALLY ASSIGNED LC-TYPE CALL NUMBER (OCLC); LOCAL CALL NUMBER (RLIN)
-- 32336
100 1# - MAIN ENTRY--PERSONAL NAME
Personal name Неймайр, М.
245 10 - TITLE STATEMENT
Title История земли : /
Statement of responsibility, etc. Проф. М. Неймайр ; Пер. В. Улиг, c доп. по геологии по России В.В. Ломанского и А.П. Нечаева, ред. А.А. Иностранцев.
260 ## - PUBLICATION, DISTRIBUTION, ETC.
Place of publication, distribution, etc. Санкт-Петербург :
Name of publisher, distributor, etc. Товарищество "Просвещение",
Date of publication, distribution, etc. 1903-.
300 ## - PHYSICAL DESCRIPTION
Extent том
500 ## - GENERAL NOTE
General note Пер. со 2-го нем. изд.
505 10 - FORMATTED CONTENTS NOTE
Miscellaneous information Т. 1 (1903, 761 с.) :
-- Т. 2 (1904, 852 с.)
650 14 - SUBJECT ADDED ENTRY--TOPICAL TERM
Topical term or geographic name entry element История Земли
700 1# - ADDED ENTRY--PERSONAL NAME
Personal name Улиг, В.
Relator term пер
Relationship trl
700 1# - ADDED ENTRY--PERSONAL NAME
Personal name Ломанский, В.В.
Relator term авт.
Relationship aut
700 1# - ADDED ENTRY--PERSONAL NAME
Personal name Нечаев, А.П.
Relator term авт.
Relationship aut
700 1# - ADDED ENTRY--PERSONAL NAME
Personal name Иностранцев, А.А.
Relator term ред.
Relationship edt
942 ## - ADDED ENTRY ELEMENTS (KOHA)
Source of classification or shelving scheme Universal Decimal Classification
Koha item type Գրքեր / Books
Holdings
Withdrawn status Lost status Source of classification or shelving scheme Damaged status Not for loan Collection Home library Current library Date acquired Serial enumeration / chronology Total checkouts Full call number Barcode Date last seen Price effective from Koha item type Public note
    Universal Decimal Classification     Levonyan Individual Collection Fundamental Scientific Library Fundamental Scientific Library 21/12/2016 Т. 1   Лев/275 FL0372457 21/12/2016 21/12/2016 Գրքեր / Books ILL Non-Circ.
    Universal Decimal Classification     General Fundamental Scientific Library Fundamental Scientific Library 02/07/2018 Т. 1   РД III/9948 FL0506734 02/07/2018 02/07/2018 Գրքեր / Books 30 Days Loan
    Universal Decimal Classification     General Fundamental Scientific Library Fundamental Scientific Library 02/07/2018 Т. 1   РД III/9949 FL0506735 02/07/2018 02/07/2018 Գրքեր / Books 30 Days Loan
    Universal Decimal Classification     General Fundamental Scientific Library Fundamental Scientific Library 02/07/2018 Т. 2   РД III/9950 FL0506736 02/07/2018 02/07/2018 Գրքեր / Books 30 Days Loan


ՀՀ ԳԱԱ հիմնարար գիտական գրադարան
ՀՀ,Երևան 0019
Մարշալ Բաղրամյան 24/6
հեռախոս:(374-10) 52-47-50
Հետադարձ կապ

All site content, except where otherwise noted, is licensed under a
Creative Commons License